000 00718cam a2200217 a 4500
001 000001699
005 20200929145652.0
008 000327s1999 cu a b 000 0dspa c
020 _a9590901395
040 _aDO-SdBNP
_cFUG
_dDLC
082 _a922.7291
_bC422A
100 1 _aAcosta de Arriba, Rafael,
_d1953-
_95529
245 1 4 _aLos silencios quebrados de San Lorenzo /
_cRafael Acosta de Arriba.
260 _aCuba :
_bEditorial José Martí,
_c1999.
300 _a217 p. ;
_c18 cm.
504 _aIncluye referencias bibliográficas.
600 1 4 _aCÉSPEDES, CARLOS MANUEL DE,
_d1819-1874
_95530
651 4 _aCuba
_xHistoria
_yREVOLUCIÓN, 1868-1878.
_95531
910 _aCatalogación por copia / LC
910 _aWM
999 _c1580
_d1580